000
00299nam a2200121Ia 4500
008
190723s9999 xx 000 0 und d
020
_a
978-969-23199-0-4
100
_a
Azher Rizvi
245
0
_a
Entrepreneuring Pakistan
260
_a
Khy-e-Badban
_b
Azher rizvi
_c
2017
300
_a
352.:p
942
_c
BK
999
_c
1791
_d
1791